=LDR 00000nam 2200000 4500 =001 INLIS000000000004961 =005 20251002093951 =035 ##$$a 0010-1025000016 =007 ta =008 251002###########################0#ind## =082 ##$$a 649.1 =084 ##$$a 649.1 BAD a =245 1#$$a Anakku sayang harapan bangsa : $b - /$c Badan Koordinasi Keluarga Berencana Nasional =260 ##$$a Jakarta :$b BKKBN,$c 1993 =300 ##$$a 56 hal : $b ilus ; $c 21 cm =110 #$$a Badan Koordinasi Keluarga Berencana Nasional =856 ##$$a perpustakaan kemenduk bangga